| 000 | 00601 a2200193 4500 | ||
|---|---|---|---|
| 001 | 63074 | ||
| 005 | 20260407155926.0 | ||
| 008 | 260407a1965 arg spa d | ||
| 003 | AR-UNSa-BCEJYS | ||
| 040 |
_aAR-UNSa-BCEJYS _bspa _cAR-UNSa-BCEJYS |
||
| 080 |
_a339.9 _xEconomía internacional en general. Relaciones económicas internacionales. Economía mundial |
||
| 245 | 1 | 0 | _aRelaciones económicas internacionales |
| 264 | 1 |
_aBarcelona : _bLuis Miracle _c1965 |
|
| 300 |
_a672 p. _c22 cm. |
||
| 041 | _aspa | ||
| 942 | _cBK | ||
| 590 | _aniveau_biblio:m niveau_hierar:0 | ||
| 100 | 1 | _aByé, Maurice | |
| 999 |
_c7974 _d7974 |
||